| 000 | 00000nam##2200000za#4500 |
| 001 | 9.624694 |
| 003 | CaOODSP |
| 005 | 20211117142338 |
| 007 | ta |
| 008 | 150406|1998||||xxc||||| f|0| 0 fre|d |
| 020 | |a0-662-82764-3 |
| 040 | |aCaOODSP|bfre |
| 043 | |an-cn--- |
| 086 | 1 |aEn153-97/1998-5-1F |
| 110 | 2 |aCentre Saint-Laurent. |
| 245 | 13|aLe dérangement des espèces fauniques du Saint-Laurent |
| 260 | |aMontréal - Québec : |bEnvironnement Canada. |c1998. |
| 300 | |a15p. : |bill., carte, tableaux ; |c22 cm. |
| 490 | 1 |aL'état du Saint-Laurent |
| 504 | |aBibliographie. |
| 563 | |aCouverture souple |
| 590 | |a01-51|b2001-12-28 |
| 691 | 07|aPollution de l'eau|2gcpds |
| 691 | 07|aÉcosystème|2gcpds |
| 691 | 07|aCours d'eau|2gcpds |
| 775 | 08|tDisturbance of the wildlife of the St. Lawrence River |w(CaOODSP)9.614337 |
| 776 | 0#|tLe dérangement des espèces fauniques du Saint-Laurent |w(CaOODSP)9.602104 |
| 830 | #0|aL'état du Saint-Laurent.|w(CaOODSP)9.512957 |